Transfery Stali w letnim okienku transferowym 2020/21. - Statystyki

Ogólne statystyki
  • Ten quiz został rozwiązany 8 razy
  • Średni wynik to 6 z 12
Statystyki odpowiedzi
Cena Pozycja Poprzedni klub Piłkarz % Poprawnych
Za darmo Bramkarz Raków Częstochowa Gliwa
88%
Wypożyczenie Środkowy napastnik Lech Poznań Tomczyk
88%
Za darmo Ofensywny pomocnik Korona Kielce Forsell
63%
? Środkowy obrońca Raków Częstochowa Kościelny
50%
Za darmo Środkowy napastnik Legia Warszawa II Zjawiński
50%
? Środkowy obrońca Legia Warszawa Żyro
50%
Za darmo Lewy obrońca Sandecja Nowy Sącz Flis
38%
Za darmo Defensywny pomocnik Górnik Zabrze Matras
38%
70 tys. Lewy napastnik ŁKS Łódź Wróbel
38%
Wypożyczenie Środkowy obrońca Jagiellonia Białystok Błyszko
25%
Wypożyczenie Środkowy pomocnik Wisła Kraków Pawłowski
25%
Za darmo Prawy obrońca SFC Opava Sus
25%
Nie znaleziono quizów pasujących do podanych kryteriów
Rozkład punktacji
Procent ludzi z każdym wynikiem
Percentyl według liczby udzielonych odpowiedzi
Twoja historia wyników
Nie rozwiązałeś tego quizu